|
|
|
|
| LEADER |
00954nam a2200241 a 4500 |
| 001 |
2861045 |
| 008 |
091003s1986 caua b 001 0 eng d |
| 010 |
|
|
|a \\\85027817
|
| 020 |
|
|
|a 0803927797
|
| 020 |
|
|
|a 0803925662 (pbk.)
|
| 040 |
|
|
|a DLC
|c DLC
|d DLC
|
| 082 |
0 |
0 |
|a 361.6/1/068
|2 19
|
| 100 |
1 |
|
|a Patton, Michael Quinn.
|
| 245 |
1 |
0 |
|a Utilization-focused evaluation /
|c Michael Quinn Patton.
|
| 250 |
|
|
|a 2nd ed.
|
| 260 |
|
|
|a Beverly Hills :
|b Sage Publications,
|c c1986.
|
| 300 |
|
|
|a 368 p. :
|b ill. ;
|c 23 cm.
|
| 504 |
|
|
|a Includes bibliographical references (p. 348-363) and index.
|
| 541 |
1 |
|
|e 00003380
|
| 650 |
|
0 |
|a Evaluation research (Social action programs)
|z United States.
|
| 852 |
4 |
|
|a Ayesha Abed Library
|j General shelf
|
| 999 |
|
|
|c 4188
|d 4188
|
| 952 |
|
|
|0 0
|1 0
|2 ddc
|4 0
|6 361_610680000000000_PAT_1986
|7 0
|9 3851
|a BRACUL
|b BRACUL
|c GEN
|d 2009-10-03
|g 0.00
|l 0
|o 361.61068 PAT
|p 3010003380
|r 2009-10-03
|t 1
|w 2009-10-03
|y BK
|x No price found in the accession register.
|